[Event "SR 1. liga zapad 2014/2015"]
[Site "?"]
[Date "2015.01.11"]
[Round "6.1"]
[White "Jakubek, Peter"]
[Black "Maslik, Miroslav"]
[Result "1-0"]
[WhiteElo "2169"]
[BlackElo "2365"]
[PlyCount "51"]
[EventDate "2014.??.??"]

1. d4 Nf6 2. Bg5 c5 3. d5 Ne4 4. Bf4 Qb6 5. Nd2 Nxd2 6. Bxd2 Qxb2 7. e4 Qb6 8.
Nf3 d6 9. Be2 Bg4 10. O-O Nd7 11. Bc3 Qc7 12. Rb1 a6 13. a4 Rg8 14. Nd2 Bxe2
15. Qxe2 g6 16. e5 dxe5 17. Nc4 Bg7 18. f4 e4 19. Ba5 b6 20. Nxb6 Nxb6 21. Rxb6
Bc3 22. Rxa6 Bd4+ 23. Kh1 Qb7 24. Qb5+ Qxb5 25. Rxa8+ Kd7 26. Ra7+ 1-0

[Event "SR 1. liga zapad 2014/2015"]
[Site "?"]
[Date "2015.01.11"]
[Round "6.1"]
[White "Kijac, Miroslav"]
[Black "Obona, Jan"]
[Result "1/2-1/2"]
[WhiteElo "2145"]
[BlackElo "2166"]
[PlyCount "52"]
[EventDate "2014.??.??"]

1. d4 d5 2. Nf3 e6 3. c4 c6 4. e3 Nf6 5. Nc3 Nbd7 6. Qc2 Bd6 7. Be2 O-O 8. O-O
Re8 9. Rd1 Qe7 10. b3 a5 11. Bb2 b6 12. e4 dxe4 13. Nxe4 Ba3 14. Bc3 Bb4 15.
Bb2 Ba3 16. Bd3 Bxb2 17. Qxb2 Bb7 18. Ne5 Nxe4 19. Bxe4 Nxe5 20. dxe5 Red8 21.
Qe2 Qc7 22. Qh5 h6 23. Qh4 Rd7 24. Rxd7 Qxd7 25. Bf3 Rd8 26. g3 Qd4 1/2-1/2

[Event "SR 1. liga zapad 2014/2015"]
[Site "?"]
[Date "2015.01.11"]
[Round "6.1"]
[White "Chovanec, Milan"]
[Black "Pytlik, Pavol"]
[Result "1-0"]
[WhiteElo "2143"]
[BlackElo "2027"]
[PlyCount "81"]
[EventDate "2014.??.??"]

1. e4 e6 2. d4 d5 3. Nd2 dxe4 4. Nxe4 Nd7 5. Nf3 Ngf6 6. Nxf6+ Nxf6 7. Bd3 Be7
8. Qe2 O-O 9. Bg5 c5 10. dxc5 Qa5+ 11. c3 Qxc5 12. O-O-O Rd8 13. Bxf6 Bxf6 14.
Bxh7+ Kxh7 15. Rxd8 Bxd8 16. Qd3+ g6 17. Qxd8 Qxf2 18. Qf6 Qe3+ 19. Nd2 Qh6 20.
Qxf7+ Qg7 21. Rf1 Qxf7 22. Rxf7+ Kg8 23. Rc7 b6 24. Ne4 Ba6 25. c4 Rc8 26.
Rxc8+ Bxc8 27. Kd2 Bb7 28. Ke3 e5 29. g3 Kg7 30. b4 Kh6 31. Nd6 Bg2 32. Nf7+
Kg7 33. Nxe5 Kf6 34. Kd4 Kf5 35. c5 g5 36. cxb6 axb6 37. Nc4 Kg4 38. Ne3+ Kh3
39. Nxg2 Kxg2 40. h4 g4 41. h5 1-0

[Event "SR 1. liga zapad 2014/2015"]
[Site "?"]
[Date "2015.01.11"]
[Round "6.1"]
[White "Blazek, Milos"]
[Black "Kukucka, Matej"]
[Result "0-1"]
[WhiteElo "2035"]
[BlackElo "2073"]
[PlyCount "36"]
[EventDate "2014.??.??"]

1. e4 e6 2. d4 d5 3. Nc3 Nf6 4. e5 Nfd7 5. f4 c5 6. Nf3 Nc6 7. Be3 Be7 8. Qd2
O-O 9. O-O-O c4 10. f5 b5 11. fxe6 fxe6 12. Nxb5 Rb8 13. Nd6 Nb4 14. Kb1 Bxd6
15. exd6 Nf6 16. a3 Ne4 17. Qc1 Nc3+ 18. Ka1 Nba2 0-1

[Event "SR 1. liga zapad 2014/2015"]
[Site "?"]
[Date "2015.01.11"]
[Round "6.1"]
[White "Mikusik, Marian"]
[Black "Halak, Matej"]
[Result "1-0"]
[WhiteElo "2110"]
[BlackElo "1929"]
[PlyCount "107"]
[EventDate "2014.??.??"]

1. d3 e5 2. Nd2 Be7 3. g3 Nf6 4. Bg2 d5 5. a3 O-O 6. c4 c6 7. Qb3 Na6 8. cxd5
cxd5 9. Ngf3 Qc7 10. Qc3 Bd6 11. O-O Be6 12. Qxc7 Nxc7 13. b3 Rac8 14. Bb2 Nd7
15. Ng5 Nb5 16. Nxe6 fxe6 17. Bh3 Kf7 18. Nf3 Rc2 19. Rab1 h6 20. b4 Rxe2 21.
a4 Ke7 22. Nh4 Nd4 23. Bxd4 exd4 24. Ng6+ Kf6 25. Nxf8 Nxf8 26. Rfc1 Rd2 27.
Rb3 Nd7 28. f4 Nb6 29. Re1 Kf7 30. Bxe6+ Kf8 31. a5 Na4 32. Bxd5 b6 33. axb6
axb6 34. Re6 Be7 35. Re1 Nc3 36. Be4 g5 37. Rf1 gxf4 38. Rxf4+ Kg7 39. Rf2 Rd1+
40. Kg2 Bg5 41. Ra3 Nxe4 42. Ra7+ Kg6 43. dxe4 d3 44. Rd7 d2 45. h4 Be3 46. Rf1
Rc1 47. g4 Rc4 48. Rf5 h5 49. gxh5+ Kh6 50. Kf3 Bd4 51. Ke2 Bc3 52. e5 Bxb4 53.
Kf3 Rc1 54. Rf6+ 1-0

[Event "SR 1. liga zapad 2014/2015"]
[Site "?"]
[Date "2015.01.11"]
[Round "6.1"]
[White "Masarik, Drahoslav"]
[Black "Kvassay, Peter"]
[Result "1/2-1/2"]
[WhiteElo "2022"]
[BlackElo "2048"]
[PlyCount "37"]
[EventDate "2014.??.??"]

1. Nf3 c5 2. c4 Nf6 3. Nc3 e6 4. d4 cxd4 5. Nxd4 d5 6. cxd5 Nxd5 7. Qb3 Nb4 8.
Nf3 N8a6 9. Be3 Nc5 10. Bxc5 Bxc5 11. Ne4 Be7 12. e3 Qa5 13. Nc3 O-O 14. Be2 b6
15. O-O Bb7 16. Rfd1 Rfd8 17. Rxd8+ Rxd8 18. Rd1 Rxd1+ 19. Bxd1 1/2-1/2

[Event "SR 1. liga zapad 2014/2015"]
[Site "?"]
[Date "2015.01.11"]
[Round "6.1"]
[White "Capak, Stefan"]
[Black "Sopko, Rudolf"]
[Result "1-0"]
[WhiteElo "2063"]
[BlackElo "1839"]
[PlyCount "57"]
[EventDate "2014.??.??"]

1. d4 Nf6 2. Nf3 d5 3. c4 g6 4. e3 Bg7 5. Be2 O-O 6. O-O c6 7. b3 Ne4 8. Bb2
Nd7 9. Qc2 e6 10. Nbd2 f5 11. Nxe4 fxe4 12. Nd2 Qg5 13. f4 exf3 14. Nxf3 Qxe3+
15. Kh1 Qe4 16. Bd3 Qg4 17. Rae1 Rf6 18. Be2 Rf4 19. Bc1 Rf6 20. Be3 Qf5 21.
Qd2 Qg4 22. Bg5 Rf5 23. Bd3 Nf6 24. Bxf5 gxf5 25. Bxf6 Bxf6 26. Ne5 Qg7 27. Rf3
Qe7 28. Qh6 Bg7 29. Rg3 1-0

[Event "SR 1. liga zapad 2014/2015"]
[Site "?"]
[Date "2015.01.11"]
[Round "6.1"]
[White "Kuric, Michal"]
[Black "Belak, Stefan"]
[Result "1-0"]
[WhiteElo "1772"]
[BlackElo "1998"]
[PlyCount "109"]
[EventDate "2014.??.??"]

1. e4 e6 2. d4 d5 3. exd5 exd5 4. Bd3 Nc6 5. c3 Bd6 6. Ne2 Nge7 7. Qc2 Bg4 8.
Ng3 h6 9. h3 Bxg3 10. hxg4 Bd6 11. g5 h5 12. g6 Qd7 13. gxf7+ Kxf7 14. Be3 Qg4
15. Nd2 Raf8 16. Nf3 Ke8 17. O-O-O Kd8 18. Rh4 Qd7 19. Rdh1 Qe8 20. Ng5 Kc8 21.
Ne6 g6 22. Nxf8 Rxf8 23. R4h3 Nf5 24. Re1 Rf7 25. Qd2 Qg8 26. Bg5 Rf8 27. Qe2
Kd7 28. Rf3 Ncxd4 29. cxd4 Nxd4 30. Qd1 Nxf3 31. gxf3 Qf7 32. Qa4+ c6 33. Qxa7
Bf4+ 34. Bxf4 Qxf4+ 35. Kc2 Qb4 36. Qe3 Qd6 37. a3 Qf6 38. Qe2 Qxf3 39. Qe6+
Kc7 40. Qe7+ Kb6 41. Qb4+ Ka7 42. Qa5+ Kb8 43. Re7 Qxf2+ 44. Kb3 Rc8 45. Qb4
Qa7 46. Bxg6 c5 47. Qf4+ Ka8 48. Qd6 c4+ 49. Ka2 c3 50. bxc3 Qf2+ 51. Kb3 Qf1
52. Qxd5 Qa6 53. Be4 Qb6+ 54. Kc2 Qf2+ 55. Qd2 1-0

[Event "SR 1. liga zapad 2014/2015"]
[Site "?"]
[Date "2015.01.11"]
[Round "6.2"]
[White "Veres, Andrej"]
[Black "Gazik, Viktor"]
[Result "0-1"]
[WhiteElo "2179"]
[BlackElo "2291"]
[PlyCount "76"]
[EventDate "2014.??.??"]

1. d4 Nf6 2. Nf3 c5 3. e3 g6 4. c4 Bg7 5. d5 d6 6. Nc3 O-O 7. Bd3 e6 8. O-O
exd5 9. cxd5 Re8 10. Nd2 a6 11. a4 Nbd7 12. Nc4 Nb6 13. Nxb6 Qxb6 14. Re1 Rb8
15. Bd2 Qc7 16. a5 b5 17. axb6 Rxb6 18. Qc2 h5 19. h3 h4 20. e4 Nh7 21. f4 Qe7
22. e5 dxe5 23. Na4 Rd6 24. Qxc5 Qd7 25. Bc4 Bb7 26. Nb6 Qd8 27. Ba5 Bf8 28.
Qe3 Bh6 29. Qa3 Bxf4 30. Na4 Qf6 31. Nc5 Bxd5 32. Bxd5 Rxd5 33. Qa4 Rc8 34. Nd7
Qg5 35. Nb6 Be3+ 36. Rxe3 Qxe3+ 37. Kh2 Rd4 38. Nxc8 Qf4+ 0-1

[Event "SR 1. liga zapad 2014/2015"]
[Site "?"]
[Date "2015.01.11"]
[Round "6.2"]
[White "Gazik, Igor"]
[Black "Borik, Juraj"]
[Result "1-0"]
[WhiteElo "2321"]
[BlackElo "2188"]
[PlyCount "65"]
[EventDate "2014.??.??"]

1. e4 c5 2. Nc3 e6 3. g3 Nc6 4. Bg2 g6 5. d3 Bg7 6. Be3 Nd4 7. Qd2 Ne7 8. O-O-O
Nec6 9. Kb1 b5 10. Bh6 Bxh6 11. Qxh6 b4 12. Nce2 Rb8 13. Qg7 Rf8 14. Nxd4 cxd4
15. Nf3 Qa5 16. Nxd4 Qe5 17. Qxe5 Nxe5 18. f4 Nc6 19. Nb3 Ne7 20. Rd2 Bb7 21.
Rc1 f5 22. c3 bxc3 23. Rxc3 Bc6 24. Nd4 fxe4 25. dxe4 g5 26. fxg5 e5 27. Nxc6
Nxc6 28. Rc5 Rf7 29. Bh3 Rb4 30. Bf5 Rd4 31. Rxe5+ Nxe5 32. Rxd4 Nc6 33. Rd6
1-0

[Event "SR 1. liga zapad 2014/2015"]
[Site "?"]
[Date "2015.01.11"]
[Round "6.2"]
[White "Podoba, Milan"]
[Black "Hanko, Pavol"]
[Result "1-0"]
[WhiteElo "2131"]
[BlackElo "2133"]
[PlyCount "55"]
[EventDate "2014.??.??"]

1. e4 c5 2. Nf3 e6 3. d4 cxd4 4. Nxd4 Nf6 5. Nc3 d6 6. g4 h6 7. h4 Nc6 8. Rg1
h5 9. g5 Ng4 10. f3 Qb6 11. Bb5 Nge5 12. Be3 Bd7 13. Kf2 Qc7 14. Qe2 a6 15. Ba4
b5 16. Bb3 b4 17. Na4 Nxd4 18. Bxd4 Bb5 19. Qd2 Qc6 20. Nb6 Rb8 21. Qxb4 Rxb6
22. a4 Nd7 23. axb5 Rxb5 24. Qc3 Qb7 25. Bc4 e5 26. Bxb5 axb5 27. Be3 Be7 28.
Ra7 1-0

[Event "SR 1. liga zapad 2014/2015"]
[Site "?"]
[Date "2015.01.11"]
[Round "6.2"]
[White "Lakatos, Vladimir"]
[Black "Bombek, Peter"]
[Result "0-1"]
[WhiteElo "2121"]
[BlackElo "2156"]
[PlyCount "110"]
[EventDate "2014.??.??"]

1. c4 e6 2. Nc3 d5 3. d4 Be7 4. Nf3 Nf6 5. e3 O-O 6. Bd3 c5 7. dxc5 dxc4 8.
Bxc4 Qxd1+ 9. Kxd1 Bxc5 10. a3 Nc6 11. b4 Be7 12. Bb2 a6 13. Ke2 b5 14. Bb3 Bb7
15. Rhd1 Rfd8 16. Rac1 Kf8 17. h3 h6 18. Rxd8+ Rxd8 19. Rd1 Rxd1 20. Kxd1 Bd6
21. Ke2 Ke7 22. Kd3 g5 23. Nb1 Nxb4+ 24. Ke2 Nc6 25. Nbd2 Na5 26. Bc2 Nc6 27.
e4 Nd7 28. Nb3 f6 29. g3 Nb6 30. Bd3 Na4 31. Bc1 a5 32. Ke3 b4 33. axb4 Bxb4
34. Bc4 Nc5 35. Nfd4 Ne5 36. Bb5 Nxe4 37. f4 Nd7 38. fxg5 hxg5 39. g4 Nec5 40.
Nxc5 Bxc5 41. Kd3 Ne5+ 42. Kc3 Bg2 43. h4 gxh4 44. g5 Bxd4+ 45. Kxd4 Nf3+ 46.
Ke3 Nxg5 47. Kf2 Bd5 48. Ba3+ Kf7 49. Kg1 Nf3+ 50. Kf2 Nd4 51. Bf1 a4 52. Bc5
e5 53. Bh3 Nc2 54. Bf5 e4 55. Bd7 a3 0-1

[Event "SR 1. liga zapad 2014/2015"]
[Site "?"]
[Date "2015.01.11"]
[Round "6.2"]
[White "Pupak, Tomas"]
[Black "Detko, Jan"]
[Result "1/2-1/2"]
[WhiteElo "2022"]
[BlackElo "2165"]
[PlyCount "89"]
[EventDate "2014.??.??"]

1. Nf3 Nc6 2. b3 e5 3. Bb2 e4 4. Nd4 Nxd4 5. Bxd4 c5 6. Bb2 d5 7. e3 Nf6 8. d3
Bg4 9. Be2 Bxe2 10. Qxe2 Be7 11. dxe4 dxe4 12. O-O O-O 13. Rd1 Qc7 14. c4 Rad8
15. Nc3 a6 16. h3 Qc6 17. a4 Qe6 18. Qc2 Rfe8 19. Rab1 Rxd1+ 20. Rxd1 Rd8 21.
Ne2 Rxd1+ 22. Qxd1 Nd7 23. Nf4 Qd6 24. Qd5 Qxd5 25. Nxd5 Bd6 26. f3 exf3 27.
gxf3 f5 28. f4 Kf7 29. Kf2 g6 30. Kf3 Ke6 31. a5 Nb8 32. Bc3 Nc6 33. h4 Be7 34.
Nxe7 Nxe7 35. Ke2 Nc8 36. Be5 Na7 37. Kd3 Nc6 38. Bc3 Nd8 39. Bd2 Nf7 40. Be1
Nd6 41. b4 Ne4 42. bxc5 Nxc5+ 43. Kd4 Nb3+ 44. Kd3 Nc5+ 45. Kd4 1/2-1/2

[Event "SR 1. liga zapad 2014/2015"]
[Site "?"]
[Date "2015.01.11"]
[Round "6.2"]
[White "Reisel, Frantisek"]
[Black "Orgon, Dusan"]
[Result "1/2-1/2"]
[WhiteElo "1992"]
[BlackElo "2066"]
[PlyCount "75"]
[EventDate "2014.??.??"]

1. d4 Nf6 2. Nf3 d5 3. Bf4 c6 4. c3 Bf5 5. e3 Nbd7 6. Bd3 Bxd3 7. Qxd3 Ne4 8.
Nbd2 Nxd2 9. Nxd2 e6 10. e4 Be7 11. O-O O-O 12. Rfe1 dxe4 13. Nxe4 Nf6 14.
Nxf6+ Bxf6 15. Be5 Rc8 16. Qf3 Bxe5 17. Rxe5 Qb6 18. Qe2 Rfd8 19. Rd1 h6 20. h3
Qc7 21. Rd3 Rd5 22. Rde3 Rcd8 23. a3 c5 24. Qc4 Qb6 25. Rxd5 Rxd5 26. Re5 cxd4
27. Rxd5 exd5 28. Qxd5 Qxb2 29. cxd4 Qxa3 30. Qd8+ Kh7 31. d5 Qa1+ 32. Kh2 Qe5+
33. g3 Qd4 34. d6 Qxf2+ 35. Kh1 f5 36. Qe7 Qf1+ 37. Kh2 Qf2+ 38. Kh1 1/2-1/2

[Event "SR 1. liga zapad 2014/2015"]
[Site "?"]
[Date "2015.01.11"]
[Round "6.2"]
[White "Kutny, Marian"]
[Black "Mikus, Teodor"]
[Result "1/2-1/2"]
[WhiteElo "1938"]
[BlackElo "1895"]
[PlyCount "96"]
[EventDate "2014.??.??"]

1. d4 Nf6 2. c4 d5 3. Nc3 Nc6 4. e3 e6 5. Nf3 Ne7 6. Ne5 Nd7 7. Nxd7 Bxd7 8. e4
dxe4 9. Nxe4 Bc6 10. Ng3 Ng6 11. a3 Nh4 12. f3 Bd6 13. Ne4 Nf5 14. Nxd6+ Qxd6
15. d5 exd5 16. Bd3 Ne7 17. Qe2 O-O-O 18. O-O Rde8 19. Qf2 Kb8 20. b4 dxc4 21.
Bxc4 Rhf8 22. Be3 Nc8 23. Bc5 Qf4 24. Bxf8 Rxf8 25. Rac1 Nd6 26. Qc5 Re8 27. b5
Re5 28. Qf2 Nxb5 29. Bxb5 Bxb5 30. Rfe1 Rh5 31. Qg3 Qd4+ 32. Kh1 Bc6 33. Rcd1
Qf6 34. Qf4 Rf5 35. Qb4 a5 36. Qf8+ Ka7 37. Rd8 b6 38. Rd2 Rxf3 39. Rg1 Rf5 40.
Qc8 Qe5 41. Rc2 Rh5 42. h3 Rh6 43. Rgc1 f5 44. Rxc6 Rxc6 45. Rxc6 Qe1+ 46. Kh2
Qe5+ 47. Kg1 Qe1+ 48. Kh2 Qe5+ 1/2-1/2

[Event "SR 1. liga zapad 2014/2015"]
[Site "?"]
[Date "2015.01.11"]
[Round "6.2"]
[White "Sobota, Michal"]
[Black "Krajcovic, Alojz"]
[Result "0-1"]
[WhiteElo "1403"]
[BlackElo "1936"]
[PlyCount "78"]
[EventDate "2014.??.??"]

1. d4 Nf6 2. c4 e6 3. Nc3 d5 4. Bg5 Be7 5. e3 O-O 6. Nf3 c6 7. Bd3 dxc4 8. Bxc4
Nbd7 9. O-O Re8 10. Qc2 h6 11. Bh4 b6 12. Rfd1 Bb7 13. a3 Qc8 14. Rab1 c5 15.
d5 Nxd5 16. Nxd5 Bxh4 17. Nxh4 exd5 18. Bxd5 Nf6 19. Bxb7 Qxb7 20. Rd3 Qe4 21.
Nf3 Rad8 22. Ne1 Rxd3 23. Qxd3 Qxd3 24. Nxd3 Rd8 25. Ne5 Rd2 26. f3 Nd5 27. Nc6
Nxe3 28. Re1 Nxg2 29. Re8+ Kh7 30. b4 Nh4 31. bxc5 Nxf3+ 32. Kf1 bxc5 33. Re2
Rxe2 34. Kxe2 Nd4+ 35. Nxd4 cxd4 36. Kd3 f5 37. Kxd4 f4 38. Ke4 g5 39. h4 Kg6
0-1

[Event "SR 1. liga zapad 2014/2015"]
[Site "?"]
[Date "2015.01.11"]
[Round "6.3"]
[White "Lanc, Alois"]
[Black "Schwarz, Dusan"]
[Result "1-0"]
[WhiteElo "2344"]
[BlackElo "2339"]
[PlyCount "141"]
[EventDate "2014.??.??"]

1. e4 c5 2. Nf3 Nc6 3. d4 cxd4 4. Nxd4 e6 5. Nc3 Qc7 6. g3 a6 7. Bg2 d6 8. O-O
Bd7 9. Nde2 Be7 10. h3 Nf6 11. g4 h6 12. f4 Rc8 13. Ng3 b5 14. a3 Qb6+ 15. Kh2
g6 16. Qe2 h5 17. Be3 Qb8 18. g5 h4 19. Nh1 Nh5 20. Rae1 Bd8 21. Qg4 Ng7 22.
Qf3 Ba5 23. Nf2 Bxc3 24. bxc3 e5 25. Nd3 O-O 26. Qf2 Qc7 27. Qxh4 Ne7 28. fxe5
dxe5 29. Bd2 Be6 30. Qg3 Bc4 31. Rf6 Nh5 32. Qf2 Rcd8 33. Bf1 Rd6 34. Rxd6 Qxd6
35. Qc5 Rd8 36. Qxd6 Rxd6 37. Be3 Nc6 38. Ra1 Ng7 39. h4 Ne6 40. Kg3 Kf8 41.
Be2 Kg7 42. Rh1 Rd8 43. Rf1 Re8 44. Bg4 Rd8 45. Rd1 Rd6 46. Nb2 Rxd1 47. Bxd1
Ba2 48. Bb6 Kf8 49. Kf2 Ke7 50. Ke1 Kd6 51. a4 Nf4 52. axb5 axb5 53. Kd2 Nb8
54. Be3 Ng2 55. Bf2 Nf4 56. Nd3 Bc4 57. Bg3 Nxd3 58. cxd3 Ba2 59. d4 Nc6 60.
Ke3 Ke7 61. d5 Na5 62. Bxe5 Nc4+ 63. Kd4 Nd2 64. Bf6+ Ke8 65. h5 gxh5 66. Bxh5
Bb1 67. e5 Nb3+ 68. Ke3 Bf5 69. e6 Nc5 70. Bxf7+ Kf8 71. g6 1-0

[Event "SR 1. liga zapad 2014/2015"]
[Site "?"]
[Date "2015.01.11"]
[Round "6.3"]
[White "Federic, Jozef"]
[Black "Vass, Frantisek"]
[Result "1-0"]
[WhiteElo "2305"]
[BlackElo "2280"]
[PlyCount "55"]
[EventDate "2014.??.??"]

1. d4 d5 2. c4 Bf5 3. cxd5 Bxb1 4. Qa4+ c6 5. dxc6 Nxc6 6. Rxb1 e5 7. Bd2 exd4
8. g3 Qd5 9. Nf3 b5 10. Qb3 Qxb3 11. axb3 Rd8 12. Rc1 Nge7 13. Bg2 g6 14. O-O
Bg7 15. Ne1 Rd6 16. Nd3 O-O 17. Rc5 a6 18. Rfc1 Nb8 19. Bb4 Rd7 20. Rc7 Bf6 21.
Rxd7 Nxd7 22. Rc7 Rd8 23. Rb7 a5 24. Bxa5 Ra8 25. b4 Nf8 26. Rxe7 Rxa5 27. bxa5
Bxe7 28. a6 1-0

[Event "SR 1. liga zapad 2014/2015"]
[Site "?"]
[Date "2015.01.11"]
[Round "6.3"]
[White "Banas, Jan"]
[Black "Kleman, Miroslav"]
[Result "1-0"]
[WhiteElo "2273"]
[BlackElo "2231"]
[PlyCount "141"]
[EventDate "2014.??.??"]

1. c4 d5 2. cxd5 c6 3. dxc6 Nxc6 4. Nf3 e5 5. Nc3 Nf6 6. d3 Bc5 7. a3 Bf5 8.
Bg5 h6 9. Bh4 g5 10. Bg3 Qe7 11. Rc1 O-O 12. e4 Bg4 13. Be2 Rfd8 14. O-O a6 15.
Nxe5 Nxe5 16. Bxe5 Qxe5 17. Bxg4 Rd6 18. Be2 Bd4 19. Qb3 b5 20. Rc2 h5 21. Nd1
g4 22. Ne3 Nd7 23. Nf5 Rf6 24. Qd5 Qxd5 25. Ne7+ Kg7 26. Nxd5 Rd6 27. Kh1 Nf6
28. Nxf6 Rxf6 29. f3 Rh8 30. fxg4 Rxf1+ 31. Bxf1 hxg4 32. g3 f5 33. exf5 Kf6
34. Bg2 Kxf5 35. Be4+ Ke5 36. Kg2 a5 37. b3 b4 38. axb4 axb4 39. Re2 Kf6 40.
Bd5 Rd8 41. Be6 Be5 42. Bc4 Ra8 43. h3 gxh3+ 44. Kxh3 Ra7 45. Re4 Rg7 46. Rg4
Ra7 47. d4 Rh7+ 48. Kg2 Bc7 49. Kf3 Rh1 50. Rg8 Rd1 51. Rf8+ Ke7 52. Rf7+ Kd6
53. Rf6+ Ke7 54. Re6+ Kd7 55. d5 Bd6 56. Rg6 Rd4 57. Rg7+ Ke8 58. Rb7 Kd8 59.
Rh7 Ke8 60. Rh4 Rd1 61. g4 Rg1 62. Ke4 Kf7 63. Kf5 Kg7 64. Ke6 Bc5 65. Kd7 Bf8
66. Bd3 Rd1 67. Be4 Re1 68. g5 Re3 69. d6 Rxb3 70. Rh7+ Kg8 71. g6 1-0

[Event "SR 1. liga zapad 2014/2015"]
[Site "?"]
[Date "2015.01.11"]
[Round "6.3"]
[White "Matejovic, Juraj"]
[Black "Lukac, Roman"]
[Result "1-0"]
[WhiteElo "2203"]
[BlackElo "2092"]
[PlyCount "77"]
[EventDate "2014.??.??"]

1. e4 e5 2. Nf3 Nc6 3. Bb5 a6 4. Bxc6 dxc6 5. O-O Bd6 6. d4 exd4 7. Qxd4 f6 8.
Be3 Be6 9. Nbd2 Ne7 10. Rfd1 Nc8 11. Nc4 Qe7 12. Nxd6+ Nxd6 13. Bf4 Rd8 14. e5
fxe5 15. Qxe5 h6 16. Re1 Kd7 17. Nd4 Rde8 18. Nxe6 Qxe6 19. Qxg7+ Qf7 20. Bxh6
Ref8 21. Qxf7+ Rxf7 22. Be3 Rh5 23. Rad1 c5 24. g3 Kc6 25. Bf4 Nf5 26. Re6+ Kb5
27. Re5 b6 28. Rdd5 c6 29. Rd3 a5 30. h4 Rh8 31. Be3 Rg8 32. Re4 Ka6 33. Kg2
Rh7 34. Bg5 Nd4 35. c3 Nb5 36. a4 Nc7 37. Rd6 Kb7 38. f4 Nd5 39. Ree6 1-0

[Event "SR 1. liga zapad 2014/2015"]
[Site "?"]
[Date "2015.01.11"]
[Round "6.3"]
[White "Drtina, Milan"]
[Black "Banas, Kamil"]
[Result "1/2-1/2"]
[WhiteElo "2175"]
[BlackElo "2213"]
[PlyCount "92"]
[EventDate "2014.??.??"]

1. e4 c5 2. c4 Nc6 3. Ne2 g6 4. d4 cxd4 5. Nxd4 Bg7 6. Be3 d6 7. Be2 Nf6 8. Nc3
O-O 9. O-O Nxd4 10. Bxd4 Be6 11. Rc1 a6 12. f4 Rc8 13. b3 Qa5 14. a4 Rfe8 15.
g4 h6 16. h4 Nh7 17. f5 Bd7 18. Bxg7 Kxg7 19. Qd4+ f6 20. Nd5 Qc5 21. Qxc5 dxc5
22. Bf3 g5 23. h5 Nf8 24. e5 fxe5 25. Rce1 Bc6 26. Rxe5 Bxd5 27. Bxd5 Nd7 28.
Re6 Nf6 29. Bxb7 Rc7 30. Bf3 Rd8 31. Re3 Rd4 32. Rfe1 Nxg4 33. Rxe7+ Rxe7 34.
Rxe7+ Kf6 35. Rc7 Ne5 36. Bb7 Kxf5 37. Rxc5 Rd2 38. Bxa6 Kf4 39. Bb7 g4 40. Rc8
Kg3 41. Kf1 Rb2 42. a5 Rf2+ 43. Ke1 Nd3+ 44. Kd1 Nb2+ 45. Kc1 Nd3+ 46. Kd1 Nb2+
1/2-1/2

[Event "SR 1. liga zapad 2014/2015"]
[Site "?"]
[Date "2015.01.11"]
[Round "6.3"]
[White "Dugovic, Branislav"]
[Black "Arendas, Marek"]
[Result "1/2-1/2"]
[WhiteElo "2207"]
[BlackElo "2104"]
[PlyCount "31"]
[EventDate "2014.??.??"]

1. Nf3 Nf6 2. b3 d5 3. Bb2 g6 4. c4 c6 5. g3 Bg7 6. Bg2 O-O 7. O-O Nbd7 8. Qc2
Re8 9. d4 Ne4 10. cxd5 cxd5 11. Rc1 Ndf6 12. Nbd2 Nd6 13. Qc7 Bg4 14. Qxd8
Raxd8 15. h3 Bf5 16. Ne5 1/2-1/2

[Event "SR 1. liga zapad 2014/2015"]
[Site "?"]
[Date "2015.01.11"]
[Round "6.3"]
[White "Puskar, Peter"]
[Black "Federic, Pavol"]
[Result "1/2-1/2"]
[WhiteElo "2051"]
[BlackElo "2175"]
[PlyCount "90"]
[EventDate "2014.??.??"]

1. d4 d5 2. Nf3 Nf6 3. c4 c6 4. e3 g6 5. Nc3 Bg7 6. Bd3 O-O 7. O-O Nbd7 8. b3
Re8 9. cxd5 Nxd5 10. Nxd5 cxd5 11. Bb2 e5 12. dxe5 Nxe5 13. Nxe5 Bxe5 14. Bxe5
Rxe5 15. Be2 Qh4 16. Bf3 Be6 17. Rc1 Rd8 18. Qd4 Qxd4 19. exd4 Rf5 20. Rc7 Rb8
21. Rd1 h5 22. Rd3 Kf8 23. g3 Ke8 24. Bg2 g5 25. f3 Kd8 26. Rc1 Rc8 27. Rxc8+
Kxc8 28. Kf2 Kd7 29. Ke3 Rf6 30. Rc3 Bf5 31. Bf1 Kd6 32. Bd3 Bxd3 33. Rxd3 g4
34. Ke2 Kc6 35. Rc3+ Kb6 36. a3 Re6+ 37. Re3 gxf3+ 38. Kxf3 Rf6+ 39. Ke2 Kc6
40. Re8 h4 41. Re3 hxg3 42. hxg3 Kd6 43. Rf3 Ke6 44. Re3+ Kd6 45. Rf3 Rxf3
1/2-1/2

[Event "SR 1. liga zapad 2014/2015"]
[Site "?"]
[Date "2015.01.11"]
[Round "6.3"]
[White "Mydlarik, Martin"]
[Black "Bango, Lukas"]
[Result "1-0"]
[WhiteElo "2138"]
[BlackElo "1917"]
[PlyCount "123"]
[EventDate "2014.??.??"]

1. e4 c5 2. Nf3 d6 3. d3 Nf6 4. g3 g6 5. Bg2 Bg7 6. O-O Nc6 7. Nbd2 O-O 8. Re1
Rb8 9. Nf1 Qc7 10. h3 b5 11. Be3 Bb7 12. Qc1 Rfc8 13. Bh6 Bh8 14. Ng5 c4 15.
dxc4 bxc4 16. Ne3 Ne5 17. Rb1 e6 18. Qd1 Qc5 19. Ng4 Nexg4 20. hxg4 Rc7 21. Nh3
Rd7 22. Be3 Qa5 23. Bd2 Qc7 24. Bc3 d5 25. exd5 Bxd5 26. Bxd5 Rxd5 27. Qe2 Rbd8
28. Nf4 Rg5 29. Be5 Qc6 30. Nh3 Rxe5 31. Qxe5 Nxg4 32. Qe4 Qxe4 33. Rxe4 Ne5
34. Re2 Nf3+ 35. Kg2 Nd4 36. Rd2 Rb8 37. c3 Nc6 38. Rbd1 Bf6 39. f3 a5 40. Nf2
a4 41. Ne4 Be7 42. Rc2 Ne5 43. Nf2 a3 44. bxa3 Ra8 45. f4 Nc6 46. Rd7 f5 47.
Rc7 Ra6 48. Nd1 Bd8 49. Rd7 Rxa3 50. Rd6 Ra6 51. Rxe6 Kf7 52. Rd6 Be7 53. Rdd2
Ke6 54. Ne3 Ra4 55. Nd5 Bd6 56. Nb6 Ra6 57. Re2+ Kf6 58. Nxc4 Bc7 59. Rcd2 Ra4
60. Ne3 Ne7 61. Rd7 Bb6 62. Rxe7 1-0

[Event "SR 1. liga zapad 2014/2015"]
[Site "?"]
[Date "2015.01.11"]
[Round "6.4"]
[White "Pagerka, Martin"]
[Black "Sosovicka, Juraj"]
[Result "1-0"]
[WhiteElo "2300"]
[BlackElo "2215"]
[PlyCount "91"]
[EventDate "2014.??.??"]

1. e4 e5 2. Nf3 Nc6 3. Bb5 f5 4. Nc3 fxe4 5. Nxe4 Nf6 6. Qe2 d5 7. Nxf6+ gxf6
8. Nd4 Qd6 9. Nxc6 bxc6 10. Qh5+ Kd8 11. Be2 Qe6 12. d3 Bc5 13. O-O Qf5 14. Qh4
Rg8 15. Be3 Qg6 16. g3 Be7 17. f4 Bf5 18. Rf2 e4 19. dxe4 Bxe4 20. c4 f5 21.
Qh3 Bf6 22. Rd1 Qf7 23. cxd5 cxd5 24. Bc4 c6 25. Rfd2 Kc7 26. Be2 Rab8 27. Bxa7
Rxb2 28. Rxb2 Bxb2 29. Qf1 Ra8 30. Qf2 d4 31. Bxd4 Rxa2 32. Bxb2 Rxb2 33. Qa7+
Rb7 34. Qa5+ Rb6 35. Qe5+ Kb7 36. Ra1 Bd5 37. Qh8 Qg8 38. Qf6 Qe6 39. Qg7+ Qf7
40. Qd4 Qe6 41. Bd3 Ba2 42. Kf1 h5 43. Re1 Qf7 44. Qd6 Qd5 45. Re7+ Ka8 46.
Qa3+ 1-0

[Event "SR 1. liga zapad 2014/2015"]
[Site "?"]
[Date "2015.01.11"]
[Round "6.4"]
[White "Zetocha, Claudiu"]
[Black "Cajka, Tibor"]
[Result "1-0"]
[WhiteElo "2307"]
[BlackElo "2166"]
[PlyCount "77"]
[EventDate "2014.??.??"]

1. e4 c5 2. c3 d5 3. exd5 Qxd5 4. d4 Nf6 5. Nf3 e6 6. Be2 Nc6 7. O-O Be7 8. c4
Qd8 9. dxc5 Qxd1 10. Rxd1 Bxc5 11. Nc3 O-O 12. Bf4 Re8 13. Na4 e5 14. Nxe5
Bxf2+ 15. Kxf2 Nxe5 16. Bxe5 Rxe5 17. Rd8+ Re8 18. Rxe8+ Nxe8 19. Bf3 Rb8 20.
Rd1 Kf8 21. Nc5 b5 22. Bc6 bxc4 23. Rd8 Ke7 24. Rxe8+ Kd6 25. Bb7 Rxb7 26.
Nxb7+ Bxb7 27. g3 Bd5 28. Ke3 Kc5 29. Rc8+ Kb4 30. Kd4 Be6 31. Rb8+ Ka4 32. Kc3
h5 33. h4 g6 34. Ra8 a5 35. Rb8 Bf5 36. b3+ Ka3 37. Ra8 Kxa2 38. Rxa5+ Kb1 39.
bxc4 1-0

[Event "SR 1. liga zapad 2014/2015"]
[Site "?"]
[Date "2015.01.11"]
[Round "6.4"]
[White "Bury, Rastislav"]
[Black "Petran, Peter"]
[Result "0-1"]
[WhiteElo "2147"]
[BlackElo "2330"]
[PlyCount "104"]
[EventDate "2014.??.??"]

1. g3 d5 2. d4 Nf6 3. Bg2 Bf5 4. c4 c6 5. cxd5 cxd5 6. Qb3 Nc6 7. Nf3 Qb6 8.
Qa4 Bd7 9. O-O Rc8 10. Nc3 e6 11. e3 Bb4 12. a3 Be7 13. Qc2 O-O 14. Qd3 Rfd8
15. Bd2 Na5 16. Ne5 Nc4 17. Nxc4 dxc4 18. Qc2 Bc6 19. e4 Qxd4 20. Be3 Qe5 21.
Bxa7 Rd3 22. f4 Qa5 23. Bf2 Ng4 24. Nd1 Ba4 25. Qe2 Bxd1 26. Rfxd1 Nxf2 27.
Kxf2 Rcd8 28. Rxd3 cxd3 29. Qd1 Qb6+ 30. Kf3 Qxb2 31. Rb1 Qc2 32. Rc1 Qb2 33.
Rb1 Qxa3 34. Rb3 Qa4 35. Bf1 f5 36. exf5 Qc6+ 37. Kg4 exf5+ 38. Kh3 d2 39. Be2
b6 40. Rb2 Qc3 41. Rxb6 Kh8 42. Re6 Bf8 43. Qa4 Qc8 44. Re3 h6 45. Rd3 Rxd3 46.
Bxd3 g5 47. fxg5 hxg5 48. Bc2 g4+ 49. Kh4 Be7+ 50. Kh5 Kg7 51. Qd4+ Kh7 52. Qa4
Qf8 0-1